Development of an alginate/methacrylated gelatin-based bioink for 3D extrusion bioprinting

Saved in:
Bibliographic Details
Main Author: Hájovská, Pavla (Author)
Other Authors: Jančovičová, Viera (Thesis advisor)
Format: Manuscript Book
Language:Slovak
English
Published: 2023
Subjects:
Online Access:http://is.stuba.sk/zp/portal_zp.pl?podrobnosti=172498
Tags: Add Tag
No Tags, Be the first to tag this record!

MARC

LEADER 00000ntm a22000003a 4500
001 stuzp87089
003 SK-STU
005 20230909210802.4
007 ta
008 150427s2015----xo-----f-mn---000-0-slo-d
040 |a STU  |b slo 
041 0 |a eng 
100 1 |a Hájovská, Pavla  |u 049160  |k Z3  |4 aut  |U FCHPT Ústav prírodných a syntetických polymérov  |T FCHPT Oddelenie polygrafie a aplikovanej fotochémie  |X 105658  |U C9160  |Y 127  |7 105658 
242 0 1 |a Vývoj bioatramentu na báze alginátu a metakrylátu želatíny pre využitie v extrúznej biotlači  |y slo 
245 1 0 |a Development of an alginate/methacrylated gelatin-based bioink for 3D extrusion bioprinting 
260 |c 2023 
650 4 |a alginát sodný  |2 slo 
650 4 |a metakrylát želatíny  |2 slo 
650 4 |a extrúzna biotlač  |2 slo 
650 4 |a regenerácia chrupavky  |2 slo 
650 4 |a bioatrament  |2 slo 
650 4 |a sodium alginate  |2 eng 
650 4 |a gelatin methacryloyl  |2 eng 
650 4 |a bioink  |2 eng 
650 4 |a extrusion bioprinting  |2 eng 
650 4 |a cartilage regeneration  |2 eng 
700 1 |a Jančovičová, Viera  |u 049160  |k Z1  |4 ths  |U FCHPT Ústav prírodných a syntetických polymérov  |T FCHPT Oddelenie polygrafie a aplikovanej fotochémie  |X 3376  |U C9160  |Y 127  |7 A000003376 
856 4 |u http://is.stuba.sk/zp/portal_zp.pl?podrobnosti=172498